MARC

LEADER 00000nam0a2200000 4500
001 36302
005 20231031001629.0
035 |a (RuTPU)RU\TPU\book\36772 
035 |a BOOK00003424 
090 |a 36302 
100 |a 20011210d1970 k y0rusy50 ca 
101 0 |a rus 
102 |a RU 
105 |a a z 001zy 
200 1 |a Равновесие и кинетика ионного обмена  |f Ю. А. Кокотов, В. А. Пасечнин 
210 |a Ленинград  |c Химия  |d 1970 
215 |a 336 с.  |c ил. 
320 |a Библиогр.: с. 333-336. 
610 1 |a термодинамика 
610 1 |a ионный обмен 
610 1 |a кинетика 
610 1 |a равновесие 
610 1 |a теория 
610 1 |a расчеты 
610 1 |a массопереносы 
675 |a 544.726  |v 3 
700 1 |a Кокотов  |b Ю. А.  |g Юрий Абрамович 
701 1 |a Пасечнин  |b В. А.  |g Владимир Артемович 
801 0 |a RU  |b 63413507  |c 20011210  |g PSBO 
801 2 |a RU  |b 63413507  |c 20140916  |g PSBO 
900 |a Спецкурс 58 
942 |c BK